Worktext in basic accounting : (Record no. 5793)

MARC details
000 -LEADER
fixed length control field 00656nam a22002177i 4500
003 - CONTROL NUMBER IDENTIFIER
control field URS
005 - DATE AND TIME OF LATEST TRANSACTION
control field 20220117150743.0
020 ## - INTERNATIONAL STANDARD BOOK NUMBER
International Standard Book Number 9789712353062
040 ## - CATALOGING SOURCE
Language of cataloging eng
Transcribing agency URS
Description conventions rda
050 14 - LIBRARY OF CONGRESS CALL NUMBER
Classification number HF 5636
Item number M1183 2009
100 1# - MAIN ENTRY--PERSONAL NAME
Personal name Macapilit, Cecilia Hugot
Relator term author
245 10 - TITLE STATEMENT
Title Worktext in basic accounting :
Remainder of title (service/merchandising) /
Statement of responsibility, etc. Cecilia Hugo-Macapilit.
250 ## - EDITION STATEMENT
Edition statement Revised edition
264 #1 - PRODUCTION, PUBLICATION, DISTRIBUTION, MANUFACTURE, AND COPYRIGHT NOTICE
Place of production, publication, distribution, manufacture Manila :
Name of producer, publisher, distributor, manufacturer Rex Bookstore,
Date of production, publication, distribution, manufacture, or copyright notice 2009.
300 ## - PHYSICAL DESCRIPTION
Extent xv, 324 pages ;
Dimensions 25 cm
336 ## - CONTENT TYPE
Content type term text
Content type code txt
Source rdacontent
337 ## - MEDIA TYPE
Media type term unmediated
Media type code n
Source rdamedia
338 ## - CARRIER TYPE
Carrier type term volume
Carrier type code nc
Source rdacarrier
650 #0 - SUBJECT ADDED ENTRY--TOPICAL TERM
Topical term or geographic name entry element Accounting
General subdivision Problems, exercises, etc.
942 ## - ADDED ENTRY ELEMENTS (KOHA)
Koha item type Filipiniana
Source of classification or shelving scheme Library of Congress Classification
Holdings
Withdrawn status Source of classification or shelving scheme Damaged status Not for loan Collection code Home library Current library Shelving location Date acquired Source of acquisition Cost, normal purchase price Total Checkouts Full call number Barcode Date last seen Price effective from Koha item type Date last checked out
  Library of Congress Classification     Non-fiction Angono College Library Angono College Library General Stacks 11/22/2021       HF 5661 .M33 2009 URSANG-4075 11/22/2021 11/22/2021 Filipiniana  
  Library of Congress Classification     Non-fiction Tanay College Library Tanay College Library General Stacks 11/18/2015 Purchase 517.00   HF5636 .M1183 2009 URSTAN-N1690 11/25/2015 03/10/2016 Filipiniana  
  Library of Congress Classification     Non-fiction Tanay College Library Tanay College Library General Stacks 11/18/2015 Purchase 517.00   HF5636 .M1183 2009 URSTAN-N1691 11/25/2015 03/10/2016 Filipiniana  
  Library of Congress Classification     Non-fiction Tanay College Library Tanay College Library General Stacks 11/18/2015 Purchase 517.00 1 HF5636 .M1183 2009 URSTAN-N1692 07/10/2018 03/10/2016 Filipiniana 06/29/2018

University of Rizal System
Email us at univlibservices@urs.edu.ph

Visit our Website www.urs.edu.ph/library